Statistics for Science Fiction by Letter: F

Click here to take the quiz!

General Stats

  • This quiz has been taken 71 times
    (59 since last reset)
  • The average score is 11 of 20

Answer Stats

HintAnswer% Correct
Marty Mcfly is trying to get back to it.The Future
100%
This animated television series takes place in the year 3000.Futurama
90%
The shortened nickname of Han Solo's shipthe Falcon
80%
It is an energy that surrounds us and binds the galaxy together.The Force
80%
This Luc Besson film from 1997 stars Bruce Willis and Milla Jovovich.The Fifth Element
73%
The first name of Dune's author.Frank
71%
This 1953 novel by Ray Bradbury depicts a dystopian future where books are outlawed.Fahrenheit 451
65%
The main character in the above is a pizza delivery boy named Philip...Fry
65%
This is an space western television series created by Joss Whedon, and starring Nathan Fillion and Gina Torres.Firefly
59%
This groundbreaking 1956 sci fi classic introduced us to Robbie the Robot.Forbidden Planet
59%
True Star Wars fans will tell you this is when Han shot.First
57%
The first Star Trek movie to feature the Borg.First Contact
57%
So Long, and Thanks for All the (blank), is the title of the third book in the Hitchhikers' Guide to the Galaxy trilogy.Fish
57%
Quark in Deep Space Nine was a member of this alien race.Ferengi
51%
This Isaac Asimov series follows the rise and fall of a galactic empire.Foundation
49%
This sci fi television series by J.J. Abrams followed an FBI unit that looked into paranormal activity and parallel universes.Fringe
41%
This nineties sci fi television series produced by the Jim Henson Company is about a group of various aliens and humans escaping the Peacekeepers in a living biomechanic spaceship.Farscape
37%
This sci fi and fantasy artist is most famous for his overly muscled, scantily clad characters. His most famous works are of Conan the Barbarian and Edgar Rice Burroughs' novels.Frank Frazetta
12%
This television series starring Noah Wyle depicts a world after alien occupation.Falling Skies
10%
This sci fi artist did the cover artwork for many of your favorite sci fi books from the 1970s, and he worked on the never-finished Dune film by Alejandro Jodorowsky. His style uses vividly colored space ships, and he was the main influence on the look of Guardians of the Galaxy.Chris Foss
4%

Score Distribution

Percentile by Number Answered

Percent of People with Each Score

Your Score History

You have not taken this quiz since the last reset